Logos in Arabic - Statistics

General Stats
  • This quiz has been taken 98 times
  • The average score is 11 of 16
Answer Stats
Picture Answer % Correct
pepsi
100%
pizza hut
98%
burger king
94%
coke
93%
kfc
78%
subway
73%
dunkin donuts
72%
sprite
71%
taco bell
66%
wendys
60%
baskin robbins
57%
canada dry
47%
fedex
47%
schweppes
47%
dominos pizza
43%
mc donalds
36%
No matching quizzes found
Score Distribution
Percent of People with Each Score
Percentile by Number Answered
Your Score History
You have not taken this quiz